Personnalités au hasard #12 - Statistiques

Statistiques générales
  • Ce quiz a été pris 467 fois
  • Le résultat moyen est 11 sur 32
Statistiques - réponses
Par images Réponse % Correct
Emmanuel Macron
99%
Leonardo DiCaprio
98%
Mohandas Karamchand Gandhi
89%
Charles Leclerc
78%
Elton John
78%
Eminem
76%
Audrey Lamy
61%
Pierre Garnier
55%
Bella Hadid
52%
Ayrton Senna
46%
Loana Petrucciani
45%
Melha Bedia
45%
Anne-Claire Coudray
41%
Anna Wintour
31%
Benoît Magimel
30%
Louis XVI
27%
Manuel Bompard
27%
Jimmy Butler
23%
Valérie Hayer
21%
Danielle Moreau
11%
Kungs
11%
Lefa
11%
Agatha Christie
8%
Sarah Ferguson
8%
Danielle Simonnet
3%
Matt Groening
3%
Maurice Ravel
3%
Azealia Banks
2%
Eva Simons
2%
Malika Sorel
2%
Marie Cau
2%
Sherine Abdel Wahhab
1%
Aucun quiz correspondant
Distribution des résultats
% des personnes avec chaque résultat
Percentile par nombre de réponses
Votre historique - résultats
Vous n’avez pas pris ce quiz